The Wonder book of things to do /

Bibliographic Details
Format: Microform Book
Language:English
Published: London : Ward, Lock, [between 1900 and 1999]
Edition:5th ed.
Series:Opie collection of children's literature ; 027:131.
Wonder books (Chanhassen, Minn.)
Subjects:

MARC

Tag First Indicator Second Indicator Subfields
LEADER 00000cam a2200000Ia 4500
001 in00002558024
005 20151201154327.0
007 hd bfv---baap
007 he amv---bacp
008 990226q19001998enka b 000 0 eng d
035 |a (OCoLC)ocm40867901 
037 |a CL0021000027  |b UMI, 300 N. Zeeb Rd., Ann Arbor, MI 48016-1346 
040 |a OPP  |c OPP  |d UtOrBLW 
049 |a OPPA 
090 |a PZ5  |b .O67 1990 no.027:131. 
245 0 4 |a The Wonder book of things to do /  |c with seven colour plates and two hundred and fifty illustrations. 
250 |a 5th ed. 
264 1 |a London :  |b Ward, Lock,  |c [between 1900 and 1999] 
264 3 |a London :  |b Printed by the Hollen Street Press 
300 |a 224 pages :  |b illustrations ;  |c 26 cm. 
336 |a text  |b txt  |2 rdacontent 
337 |a microform  |b h  |2 rdamedia 
338 |a microfiche  |b he  |2 rdacarrier 
490 1 |a Wonder books series 
500 |a Reproduction of original in the Bodleian Library. 
510 4 |a Opie  |c KK 152 
533 |a Microfiche.  |b Ann Arbor, Mich. :  |c UMI,  |d 1998.  |e 3 microfiche ; 11 x 15 cm.  |f (Opie collection of children's literature ; 027:131).  |7 s1998 miun b 
500 |a Microform. 
650 0 |a Amusements. 
650 0 |a Handicraft. 
650 0 |a Sports. 
830 0 |a Opie collection of children's literature ;  |v 027:131. 
830 0 |a Wonder books (Chanhassen, Minn.) 
999 |a MARS 
999 f f |s 76f2df9b-9c41-3115-9101-183bc2bb4e54  |i b8d09962-c9ad-3361-9441-9ef2c31ada1f  |t 0 
952 f f |a Texas A&M University  |b College Station  |c Sterling C. Evans Library  |d Evans: Microforms Fiche (3rd floor)  |t 0  |e PZ5 .O67 1990 no.027:131.  |h Library of Congress classification 
998 f f |a PZ5 .O67 1990 no.027:131.  |t 0  |l Evans: Microforms Fiche (3rd floor)